000 01284nam a2200241Ia 4500
003 Ost
005 20260507075531.0
008 260507s9999||||xx |||||||||||||| ||und||
020 _a9773509901
040 _cfsecg
041 _aara
082 _a341.75
100 _aتشالز، رولند
_eمؤلف
245 0 _aتطوير الاقتصاد العالمي في الدول الفقيرة و الغنية /
_c رولند تشالز
260 _aالقاهرة:
_bدار الكتاب الحديث,
_c2008
300 _a209 صفحة؛
_bإيضاحات ؛
_c25 سم
520 _aالكتاب يعالج ظاهرة الفقر في المدن الفقيرة والغنية ويذكر بعض المناطق جوبرا في باكستان تشينا جونج، بنغالي في أمريكا، صناع الكراسي الصغيرة في جوبرا، مولد بنك للفقراء، تطبيقات في بلدان فقيرة أخرى، تطبيقات في الولايات المتحدة وبلدان غنية أخرى، ما بعد الإئتمان بالغ الصغر، المستقبل
653 _aالإقتصاد الدولي
653 _aالدول النامية
653 _aالفقر
700 _aيونس، محمد
_eمؤلف ثانوي
942 _cكتاب
999 _c44821
_d44821